Historia de Centro América y nociones de instrucción cívica y geografía de Centro América
Shranjeno v:
| Glavni avtor: | |
|---|---|
| Format: | Knjiga |
| Jezik: | španščina |
| Izdano: |
Tegucigalpa, Honduras
España y América
1962
|
| Izdaja: | Quinta edición |
| Teme: | |
| Oznake: |
Označite
Brez oznak, prvi označite!
|
MARC
| LEADER | 00000nam a2200000 a 4500 | ||
|---|---|---|---|
| 001 | UCO0661 | ||
| 003 | CL-VaPUC | ||
| 005 | 20211019074322.0 | ||
| 008 | 000428e19620000ho |||||||||||||||||spa|d | ||
| 999 | |c 287309 |d 287307 | ||
| 040 | |c Pontificia Universidad Católica de Valparaíso | ||
| 082 | 0 | 4 | |a 972.8 ALV 1962 |2 21 |
| 100 | 0 | |a Alvarado García, Ernesto |e author |9 442032 | |
| 245 | 1 | 0 | |a Historia de Centro América y nociones de instrucción cívica y geografía de Centro América |
| 250 | |a Quinta edición | ||
| 260 | |a Tegucigalpa, Honduras |b España y América |c 1962 | ||
| 300 | |a 376 páginas | ||
| 583 | |a last modification |c 20150507 03:48:11 |k Rodrigo Vera | ||
| 650 | 0 | |a Historia |z HONDURAS |z EL SALVADOR |z NICARAGUA |z COSTA RICA |z PANAMA |9 255047 | |
| 650 | 7 | |a HISTORIA DE AMERICA LATINA |2 CL-VaPUC |9 347191 | |
| 650 | 0 | |a Culturas indígenas |z AMERICA CENTRAL |9 266389 | |
| 852 | |a BIBCUR | ||
| 942 | |c BK |2 ddc | ||
| 945 | |d 20000428 00:00:00 |a crobeson | ||
| 952 | |0 0 |1 0 |2 ddc |4 0 |6 972_800000000000000_ALV_1962 |7 0 |8 A |9 334129 |a BIBHIS |b BIBHIS |d 2019-11-20 |i 1271369 |o 972.8 ALV 1962 |p 1271369 |r 2025-01-20 |t 1 |w 2019-11-20 |y BK |k HIS | ||